| 000 | 00434nam a2200169Ia 4500 | ||
|---|---|---|---|
| 005 | 20240607024750.0 | ||
| 008 | 240331s9999 xx 000 0 und d | ||
| 020 | _a8170131006 | ||
| 082 |
_bHAY _a340 |
||
| 100 | _aHayley, F.A | ||
| 245 | 4 | _aThe laws and customs of the sinhalese or kandyanlaw | |
| 260 |
_aNew Delhi _bNimal Singal for NAVRANG _c1993 |
||
| 300 | _axlvii,112 p., | ||
| 650 | _aLaw | ||
| 650 | _aCustoms | ||
| 942 | _cL | ||
| 999 |
_c2802 _d2802 |
||